000
00182 a2200097 4500
020
_a
078073003990
041
_a
spa
100
_a
Jeanne Betancourt
245
_a
Pony Pals
942
_c
K
999
_c
26493
_d
26493